Costes standard y contabilidad marginal (Registro nro. 1985)
[ vista simple ]
| 000 -LEADER | |
|---|---|
| fixed length control field | 01717 a2200217 4500 |
| 001 - CONTROL NUMBER | |
| control field | 29951 |
| 005 - DATE AND TIME OF LATEST TRANSACTION | |
| control field | 20260407155610.0 |
| 008 - FIXED-LENGTH DATA ELEMENTS--GENERAL INFORMATION | |
| fixed length control field | 260407a1967 arg spa d |
| 003 - CONTROL NUMBER IDENTIFIER | |
| control field | AR-UNSa-BCEJYS |
| 040 ## - CATALOGING SOURCE | |
| Original cataloging agency | AR-UNSa-BCEJYS |
| Language of cataloging | spa |
| Transcribing agency | AR-UNSa-BCEJYS |
| 080 ## - UNIVERSAL DECIMAL CLASSIFICATION NUMBER | |
| Universal Decimal Classification number | 657.474.57 |
| Common auxiliary subdivision | Métodos de cálculo. Estimación de costos<br/> |
| 100 1# - MAIN ENTRY--PERSONAL NAME | |
| Personal name | Gillespie, Cecil Merle |
| 245 10 - TITLE STATEMENT | |
| Title | Costes standard y contabilidad marginal |
| 250 ## - EDITION STATEMENT | |
| Edition statement | 3a. ed |
| 264 #1 - PRODUCTION, PUBLICATION, DISTRIBUTION, MANUFACTURE, AND COPYRIGHT NOTICE | |
| Place of production, publication, distribution, manufacture | Bilbao : |
| Name of producer, publisher, distributor, manufacturer | Ediciones Deusto |
| Date of production, publication, distribution, manufacture, or copyright notice | 1967 |
| 300 ## - PHYSICAL DESCRIPTION | |
| Extent | 388 p. |
| Dimensions | 21 cm. |
| 505 ## - FORMATTED CONTENTS NOTE | |
| Formatted contents note | 1.Desarrollo de los costes standard: Utilizaciones para la dirección - 2. Procedimiento contable de los costes standard: Plan parcial - 3. Procedimiento contable de los costes standard: Plan simple - 4. Costes standard y desviaciones: Materiales y trabajo - 5. Caso: Establecimiento de standard físico y costes standard: Producción conjunta - 6. Presupuesto flexible de gastos: Informes de desviaciones - 7. Caso Informes sobre la eficiencia en el trabajo y en los gastos (fabricación de aparatos eléctricos: plan simple) - 8. Existencias: Disposición de las desviaciones - 9. Costes directos - 10. Análisis de la contribución al beneficio: Coste standard directo - 11. La información en el sistema de costes standard directos - 12. Utilización del coste standard directo en los presupuestos a corto plazo - 13. Costes de distribución: Standard y presupuesto - 14. Procedimiento contable de costes standard: Plan dual - 15. Plan dual: Cargo a producto en curso a costes normales y standard - 16. Caso: Predeterminación de los costes de una imprenta de catálogos y revista Plan dual |
| 590 ## - LOCAL NOTE (RLIN) | |
| Local note | niveau_biblio:m niveau_hierar:0 |
| 700 1# - ADDED ENTRY--PERSONAL NAME | |
| Personal name | Landa, Jesús |
| 942 ## - ADDED ENTRY ELEMENTS (KOHA) | |
| Koha item type | |
| Withdrawn status | Lost status | Damaged status | Not for loan | Home library | Current library | Shelving location | Date acquired | Total checkouts | Full call number | Barcode | Date last seen | Price effective from | Koha item type |
|---|---|---|---|---|---|---|---|---|---|---|---|---|---|
| Biblioteca Prof. Eusebio Cleto del Rey | Biblioteca Prof. Eusebio Cleto del Rey | 07/04/2026 | 657.474.57 G476 3ed. | L21879 | 07/04/2026 | 07/04/2026 | Libro | ||||||
| Biblioteca Prof. Eusebio Cleto del Rey | Biblioteca Prof. Eusebio Cleto del Rey | 07/04/2026 | 657.474.57 G476 3ed. | L21881 | 07/04/2026 | 07/04/2026 | Libro | ||||||
| Biblioteca Prof. Eusebio Cleto del Rey | Biblioteca Prof. Eusebio Cleto del Rey | 07/04/2026 | 657.474.57 G476 3ed. | L21880 | 07/04/2026 | 07/04/2026 | Libro |